Statistics for 2010s Oscar Supporting Actress Nominees

Click here to take the quiz!

General Stats

  • This quiz has been taken 119 times
  • The average score is 24 of 44

Answer Stats

MovieActress% Correct
Birdman, The FavouriteEmma Stone
95%
The Fighter, The Master, ViceAmy Adams
87%
Les MisérablesAnne Hathaway
84%
American HustleJennifer Lawrence
84%
FencesViola Davis
80%
Into the WoodsMeryl Streep
80%
12 Years a SlaveLupita Nyong'o
79%
The Help, Hidden Figures, The Shape of WaterOctavia Spencer
77%
The FavouriteRachel Weisz
69%
The Hateful EightJennifer Jason Leigh
67%
SpotlightRachel McAdams
66%
The Danish GirlAlicia Vikander
64%
BoyhoodPatricia Arquette
64%
BridesmaidsMelissa McCarthy
62%
LionNicole Kidman
62%
The Imitation GameKeira Knightley
62%
CarolRooney Mara
62%
I, TonyaAllison Janney
59%
If Beale Street Could TalkRegina King
59%
Manchester by the SeaMichelle Williams
59%
Steve JobsKate Winslet
56%
August: Osage CountyJulia Roberts
56%
The King's SpeechHelena Bonham Carter
54%
PreciousMo'Nique
52%
LincolnSally Field
52%
Up in the AirAnna Kendrick
52%
The HelpJessica Chastain
49%
The FighterMelissa Leo
48%
Blue JasmineSally Hawkins
46%
WildLaura Dern
44%
True GritHailee Steinfeld
43%
Lady BirdLaurie Metcalf
43%
Up in the AirVera Farmiga
41%
Crazy HeartMaggie Gyllenhaal
39%
The SessionsHelen Hunt
38%
MudboundMary J. Blige
34%
MoonlightNaomie Harris
33%
Animal Kingdom, Silver Linings PlaybookJacki Weaver
33%
NinePenélope Cruz
31%
NebraskaJune Squibb
26%
The ArtistBérénice Bejo
25%
Phantom ThreadLesley Manville
23%
RomaMarina de Tavira
21%
Albert NobbsJanet McTeer
18%

Score Distribution

Percentile by Number Answered

Percent of People with Each Score

Your Score History

You have not taken this quiz